Normal view
MARC view
- Jensen, Cecil; Helsel, Jay.D
Entry Personal Name
001 - CONTROL NUMBER
- control field: 59402
003 - CONTROL NUMBER IDENTIFIER
- control field: NUST
005 - DATE AND TIME OF LATEST TRANSACTION
- control field: 20210628202332.0
008 - FIXED-LENGTH DATA ELEMENTS
- fixed length control field: 210628|| aca||aabn | a|a d
040 ## - CATALOGING SOURCE
- Original cataloging agency: NUST
- Transcribing agency: NUST
100 ## - HEADING--PERSONAL NAME
- Personal name: Jensen, Cecil; Helsel, Jay.D
670 ## - SOURCE DATA FOUND
- Source citation: Work cat.: (NUST): Jensen, Cecil; Helsel, Jay.D, Engineering drawing and design, 2000
